| 000 | 00677nab a2200193 4500 | ||
|---|---|---|---|
| 001 | 244442 | ||
| 003 | OSt | ||
| 005 | 20260311094810.0 | ||
| 007 | tu | ||
| 008 | 260311s2020||||||| | ||
| 040 |
_aDE-2950 _cDE-2950 |
||
| 245 | 0 | 0 |
_aFrankfurter Stadtverordnete erhöhen Druck auf Slubice _bGrenzbus. Noch immer ist die gemeinsame Finanzierung der Linie 983 nicht geklärt. Die CDU-Fraktion will der politischen Seite jetzt ein Ultimatum stellen/ _cThomas Gutke |
| 264 | _c2026 | ||
| 653 | _aFrankfurt (Oder) | ||
| 653 | _aGrenzbus | ||
| 653 | _aFinanzierung | ||
| 773 | 0 |
_g37. Jahrgang (2026) Nr. 55 vom 06.03.2026 , S. 15, mit Foto _tMärkische Oderzeitung |
|
| 942 |
_2z _cA |
||
| 999 |
_c374335 _d374335 |
||